000
00207 a2200097 4500
001
6518
100
_a
Saxon, J.A
245
_a
Programming the IBM-7090
260
_a
_b
Prentice Hall
_c
090
_c
5374
_d
5374
942
_a
NUST-CAE
_c
M
_c
31794
999
_c
241591
_d
241591